| 000 | 00497cam a22002171 4500 | ||
|---|---|---|---|
| 001 | sa 64000370 | ||
| 003 | DLC | ||
| 005 | 20260227111955.0 | ||
| 008 | 890810s1963 ii 000 0 hino | ||
| 010 | _asa 64000370 | ||
| 035 | _a(OCoLC)20158620 | ||
| 040 |
_aDLC _cWaU _dDLC |
||
| 042 | _apremarc | ||
| 050 | 0 | 0 |
_aPK2098.V87 _bS3 |
| 100 | 1 | _aVyāsa, Bhaiyālāla. | |
| 245 | 1 | 0 | _aSānjha sakāre. |
| 260 | _c[1963] | ||
| 300 |
_a66 p. _c18 cm. |
||
| 500 | _aIn Hindi. | ||
| 500 | _aPoems. | ||
| 999 |
_c56172 _d56172 |
||